| 000 | 01000nam a22003017a 4500 | ||
|---|---|---|---|
| 003 | CHAP | ||
| 005 | 20220329141012.0 | ||
| 008 | 971013s r 00010 d | ||
| 010 | _a61132 | ||
| 011 | _a62104 | ||
| 035 | _a66278 | ||
| 040 | _cCHAP | ||
| 090 | _aR-3803 | ||
| 100 | 0 | 0 |
_aRzedowski Rotter, Jerzy. _9101052 |
| 245 | 1 | _aAnálisis de la distribución geográfica del complejo Prosopis (Leguminosae, Mimosoideae) en Norteamérica | |
| 500 | _aSobretiro de : Acta Botánica Mexicana 3 : 7-19, 1988 | ||
| 590 |
_aBATCH-UPD _b10 _c20130110 _lUCH01 _h0434 |
||
| 590 |
_aBATCH-UPD _b10 _c20130110 _lUCH01 _h2302 |
||
| 590 |
_aBATCH-UPD _b10 _c20130410 _lUCH01 _h0110 |
||
| 590 |
_aBATCH-UPD _b10 _c20130914 _lUCH01 _h1415 |
||
| 590 |
_aCONVERSION _b10 _c20130109 _lUCH01 _h1333 |
||
| 650 | 1 | 4 |
_aFitogeografía. _941157 |
| 650 | 1 | 4 |
_aMezquite _xAmérica del Norte. _975367 |
| 650 | 1 | 4 |
_aProsopis. _992429 |
| 901 | _aBK | ||
| 942 | _cREIMP | ||
| 949 |
_aR-3803 _bBC _cR _d33724002023033 _eTS1 _i66278 _sb |
||
| 999 |
_c61132 _d61132 |
||